[Event "IECC O email"]
[Site "IECC email"]
[Date "2003.09.30"]
[Round "?"]
[White "Leenders, Chris"]
[Black "Sherwin, Chris"]
[Result "1-0"]
[WhiteElo "1724"]
[BlackElo "1900"]
[PlyCount "53"]
[EventDate "2003.??.??"]
[EventType "tourn (corr)"]
[EventRounds "6"]
[SourceTitle "Corr 2008"]
[Source "ChessBase"]
[SourceDate "2008.06.24"]
[SourceVersion "1"]
[SourceVersionDate "2008.06.24"]
[SourceQuality "1"]

1. e4 Nc6 2. Nf3 e6 3. d4 d5 4. Nbd2 Nf6 5. e5 Nd7 6. Nb3 a6 7. Bd3 Nb4 8. Be2 c5 9. dxc5 Nxc5 10. 0-0 Qc7 11. c4 dxc4 12. Bxc4 b5 13. Be2 Bb7 14. Bd2 Rd8 15. Nbd4 Bxf3 16. Nxf3 Ncd3 17. a3 Nc6 18. Bg5 Ndxe5 19. Bxd8 Nxf3+ 20. Bxf3 Nxd8 21. Rc1 Qd6 22. Rc8 f6 23. Bc6+ Kf7 24. Bf3 Be7 25. Qxd6 Bxd6 26. Rd1 Be7 27. Ra8 1-0